Nomi, cose e città: mammiferi in Italia - Statistics

Statistiche generali
  • Questo quiz è stato fatto 129 volte
  • Il punteggio medio è 10 su 20
Statistiche sulle risposte
Hint Risposta % Corretto
C Camoscio|Cane procione|Cane viverrino|Capodoglio|Capra|Capriolo|Castorino|Castoro|Cervo|Chipmunk|Cinghiale|Cogia|Coniglio|Crocidura
87%
L Lepre|Lince|Lontra|Lupo
83%
D Daino|Dama|Damma|Delfino|Donnola|Driomio
78%
O Orca|Orecchione|Orsetto lavatore|Orso
74%
V Vespertilio|Visone|Volpe
64%
E Ermellino
61%
M Marmotta|Martora|Megattera|Mesoplodonte|Miniottero|Molosso|Moscardino|Muflone|Mustiolo
61%
P Pachiuro|Pantegana|Pecora|Pentigana|Pipistrello|Porcospino|Procione|Pseudorca|Puzzola
61%
F Faina|Ferro di cavallo|Foca|Furetto
60%
R Ratto|Riccio
60%
T Talpa|Tamia|Tasso|Topo|Toporagno|Tursiope
60%
I Istrice
52%
S Sciacallo|Scoiattolo|Serotino|Silvilago|Spinosa|Stambecco|Stenella|Steno|Surmolotto
48%
B Balena|Balenottera|Barbastello|Bodunduk
43%
N Nittereute|Nottola|Nutria
43%
G Gatto selvatico|Genetta|Ghiro|Globicefalo|Grampo
37%
A Ammotrago|Arvicola
7%
Q Quercino
4%
Z Zifi
1%
U Udad
0%
Nessun quiz corrispondente trovato
Distribuzione punteggi
Percentuale di utenti per punteggio
Percentile per numero di risposta
I tuoi punteggi nel tempo
Non hai fatto questo quiz